000 00887 a2200313 4500
001 43797
005 20260407155718.0
008 260407a1970 arg spa d
003 AR-UNSa-BCEJYS
040 _aAR-UNSa-BCEJYS
_bspa
_cAR-UNSa-BCEJYS
080 _a330.342.14
_xEconomía capitalista
245 1 0 _a¿Adónde va el capitalismo?
250 _a3a. ed.
264 1 _aBarcelona :
_bOikos-tau
_c1970
300 _a167 p.
_c21 cm.
505 _a1. ¿Ha cambiado el capitalismo? / Shigeto Tsuru - 2.
041 _aspa
942 _cBK
590 _aniveau_biblio:m niveau_hierar:0
100 1 _aCapdevila, Martin
700 1 _aStrachey, John
700 1 _aTsuru, Shigeto
700 1 _aSweezy, Paul M.
700 1 _aBettelheim, Charles O.
700 1 _aKronrod, Yakov A.
700 1 _aDobb, Maurice
700 1 _aBaran, Paul A.
700 1 _aGalbraith, John Kenneth
999 _c3716
_d3716